| 000 | 00440nam a2200157 i 4500 | ||
|---|---|---|---|
| 001 | 44655 | ||
| 003 | ES-MaACL | ||
| 005 | 20230906161055.0 | ||
| 007 | t| | ||
| 008 | 030324s1889 it ||||1| ita d | ||
| 100 | 1 |
_aCimbali, Enrico. _938840 |
|
| 245 | 1 | 0 |
_aStudi di dottrina e giurisprudenza civile / _cdi Enrico Cimbali. |
| 260 |
_aLanciano : _b[s.n., _c1889] ( _fR. Carabba) |
||
| 300 |
_aXI, 577 p. ; _c24 cm. |
||
| 852 |
_aES-MaACL _jA-47 |
||
| 999 |
_c44655 _d44655 |
||